<?xml version="1.0" encoding="UTF-8"?><?xml-stylesheet type="text/xsl" href="static/style.xsl"?><OAI-PMH xmlns="http://www.openarchives.org/OAI/2.0/" xmlns:xsi="http://www.w3.org/2001/XMLSchema-instance" xsi:schemaLocation="http://www.openarchives.org/OAI/2.0/ http://www.openarchives.org/OAI/2.0/OAI-PMH.xsd"><responseDate>2026-04-13T06:48:42Z</responseDate><request verb="GetRecord" identifier="oai:www.recercat.cat:2445/163711" metadataPrefix="marc">https://recercat.cat/oai/request</request><GetRecord><record><header><identifier>oai:recercat.cat:2445/163711</identifier><datestamp>2025-12-05T14:29:27Z</datestamp><setSpec>com_2072_1057</setSpec><setSpec>col_2072_478917</setSpec><setSpec>col_2072_478923</setSpec></header><metadata><record xmlns="http://www.loc.gov/MARC21/slim" xmlns:dcterms="http://purl.org/dc/terms/" xmlns:xsi="http://www.w3.org/2001/XMLSchema-instance" xmlns:doc="http://www.lyncode.com/xoai" xsi:schemaLocation="http://www.loc.gov/MARC21/slim http://www.loc.gov/standards/marcxml/schema/MARC21slim.xsd">
   <leader>00925njm 22002777a 4500</leader>
   <datafield ind2=" " ind1=" " tag="042">
      <subfield code="a">dc</subfield>
   </datafield>
   <datafield ind2=" " ind1=" " tag="720">
      <subfield code="a">Escuer Fité, Albert</subfield>
      <subfield code="e">author</subfield>
   </datafield>
   <datafield ind2=" " ind1=" " tag="720">
      <subfield code="a">Cordero Crespo, Beatriz</subfield>
      <subfield code="e">author</subfield>
   </datafield>
   <datafield ind2=" " ind1=" " tag="720">
      <subfield code="a">Font Bardia, Ma. Mercedes</subfield>
      <subfield code="e">author</subfield>
   </datafield>
   <datafield ind2=" " ind1=" " tag="720">
      <subfield code="a">Teat, Simon J.</subfield>
      <subfield code="e">author</subfield>
   </datafield>
   <datafield ind2=" " ind1=" " tag="720">
      <subfield code="a">Roubeau, Olivier</subfield>
      <subfield code="e">author</subfield>
   </datafield>
   <datafield ind2=" " ind1=" " tag="260">
      <subfield code="c">2020-06-02T11:40:46Z</subfield>
   </datafield>
   <datafield ind2=" " ind1=" " tag="260">
      <subfield code="c">2020-06-02T11:40:46Z</subfield>
   </datafield>
   <datafield ind2=" " ind1=" " tag="260">
      <subfield code="c">2016-01</subfield>
   </datafield>
   <datafield ind2=" " ind1=" " tag="260">
      <subfield code="c">2020-06-02T11:40:47Z</subfield>
   </datafield>
   <datafield ind2=" " ind1=" " tag="520">
      <subfield code="a">The systematic exploration of the reactivity of [Mn(hfacac)2] with R‐salicyloximes (R‐saloxH2: R = H, Me, Et) yielded a family of clusters with nuclearities ranging from Mn4 to Mn12. The compounds with formula [Mn6(O)2(salox)6(CF3COO)2(EtOH)4] (1 ) and [Mn12(salox)12(O)4(N3)4(H2O)2(MeOH)6] (4 ) show two or four linked {Mn(µ3‐O)(salox)3}+ triangular subunits. Magnetic measurements revealed spin ground states of S = 4 for 1 and S = 8 for 4 , as well as single‐molecule magnet responses and magnetic hysteresis above 2 K. The cubic [Mn4(Mesalox)4(MesaloxH)4] (2 ), the hexanuclear [Mn6(Etsalox)6(O)2(MeO)4(MeOH)2] (3 ) and the octanuclear [Mn8(Mesalox)6(O)2(N3)6(MeOH)8] (5 ) are polymorphs of previously reported systems. Small structural changes allows an S = 11 ground state for 3 .</subfield>
   </datafield>
   <datafield tag="653" ind2=" " ind1=" ">
      <subfield code="a">Manganès</subfield>
   </datafield>
   <datafield tag="653" ind2=" " ind1=" ">
      <subfield code="a">Propietats magnètiques</subfield>
   </datafield>
   <datafield tag="653" ind2=" " ind1=" ">
      <subfield code="a">Manganese</subfield>
   </datafield>
   <datafield tag="653" ind2=" " ind1=" ">
      <subfield code="a">Magnetic properties</subfield>
   </datafield>
   <datafield ind2="0" ind1="0" tag="245">
      <subfield code="a">Manganese-salicyloximate clusters stating from [MnII(hfacac)2]: from Mn4 to Mn12</subfield>
   </datafield>
</record></metadata></record></GetRecord></OAI-PMH>